000 00407nam a2200145Ia 4500
041 _aArabic
082 _a891,112 cut-979 ج
100 _a20260118u\\\\\\\\\\\y0engy0103\\\\ba
100 _aقوبادى جەلیزردە
245 0 _aحصە العصافیر - شعر -
250 _aط1
260 _bمطبعة بينايى
_aالسليمانية - العراق
_c2025
300 _a240
942 _cBk
999 _c189476
_d189476